Wong Kar-Wai Film by Picture - Statistics

General Stats
  • This quiz has been taken 18 times
  • The average score is 4 of 6
Answer Stats
Picture Answer % Correct
In the Mood for Love
100%
Chungking Express
85%
Fallen Angels
77%
Happy Together
62%
Days of Being Wild
54%
The Hand
15%
No matching quizzes found
Score Distribution
Percent of People with Each Score
Percentile by Number Answered
Your Score History
You have not taken this quiz